| 000 | 01180nam a22002537a 4500 | ||
|---|---|---|---|
| 005 | 20240530110559.0 | ||
| 008 | 160901s2013 ua a f b 000 0 ara d | ||
| 017 |
_a2012/15962 _bمصر . دار الكتب المصرية |
||
| 020 | _a9789770527931 | ||
| 040 | _aEG-CaGPL | ||
| 082 | 0 | 4 |
_221 _a796\ _bم م |
| 100 | 0 | _aمصطفى حسين باهى | |
| 245 | 1 | 0 |
_aمقدمة فى الاختبارات و المقاييس فى المجال الرياضى / _cمصطفى حسين باهى ، احمد كمال نصارى ، مختار امين عبدالغنى |
| 260 |
_aالقاهرة : _bمكتبة الانجلو المصرية ، _c2013 . |
||
| 300 |
_a228 ص. : _bايض ؛ _c24 سم . |
||
| 504 | _aيشتمل على ارجاعات ببليوجرافية | ||
| 650 | 0 | 4 |
_aالرياضة البدنية _xالجوانب النفسية |
| 650 | 0 | 4 |
_aالرياضة البدنية _xمسابقات |
| 650 | 0 | 4 |
_aالرياضة البدنية _xاختبارات |
| 650 | 0 | 4 |
_aالرياضة البدنية _xبحوث |
| 700 | 0 |
_aاحمد كمال نصارى _eمؤلف مشارك |
|
| 700 | 0 |
_a مختار امين عبدالغنى _eمؤلف مشارك |
|
| 942 |
_2ddc _cBK |
||
| 999 |
_c62620 _d62620 |
||